[Event "4NCL/Div1/GUI2 vs. 3CS1"]
[Site "West Bromwich ENG"]
[Date "2004.09.18"]
[Round "1.1"]
[White "Plaskett, James"]
[Black "Davies, Nigel R"]
[Result "1/2-1/2"]
[WhiteElo "2482"]
[BlackElo "2523"]
[PlyCount "35"]
[EventDate "2004.09.18"]
[SourceDate "2004.09.21"]

1. e4 e5 2. Nf3 Nc6 3. Bb5 a6 4. Ba4 Nf6 5. O-O Be7 6. Bxc6 dxc6 7. Qe1 Nd7 8.
b3 O-O 9. Bb2 Bd6 10. d3 Re8 11. Nbd2 Nf8 12. Qe3 c5 13. Nc4 Ng6 14. g3 h5 15.
Ncd2 Nf8 16. a4 Bh3 17. Rfc1 f6 18. Kh1 1/2-1/2

[Event "4NCL/Div1/GUI2 vs. 3CS1"]
[Site "West Bromwich ENG"]
[Date "2004.09.18"]
[Round "1.2"]
[White "Gordon, Stephen J"]
[Black "Shaw, John K"]
[Result "1/2-1/2"]
[WhiteElo "2338"]
[BlackElo "2424"]
[PlyCount "64"]
[EventDate "2004.09.18"]
[SourceDate "2004.09.21"]

1. e4 c5 2. Nf3 Nc6 3. Bb5 g6 4. O-O Bg7 5. c3 Nf6 6. e5 Nd5 7. d4 cxd4 8. cxd4
O-O 9. Nc3 Nc7 10. h3 Nxb5 11. Nxb5 a6 12. Nc3 d6 13. Bf4 dxe5 14. dxe5 Be6 15.
Qe2 Nd4 16. Qe4 Nxf3+ 17. Qxf3 Qb6 18. b3 Rfd8 19. Rfd1 Qa5 20. Na4 Rd5 21.
Rxd5 Bxd5 22. Qc3 Qxc3 23. Nxc3 Be6 24. Rd1 Kf8 25. Na4 Ke8 26. Nc5 Bc8 27. e6
Bxe6 28. Nxb7 Bd7 29. Rc1 Rc8 30. Rxc8+ Bxc8 31. Nc5 Bd4 32. Be3 Bxc5 1/2-1/2

[Event "4NCL/Div1/GUI2 vs. 3CS1"]
[Site "West Bromwich ENG"]
[Date "2004.09.18"]
[Round "1.3"]
[White "Howell, David W L"]
[Black "Ashton, Adam G"]
[Result "1-0"]
[WhiteElo "2334"]
[BlackElo "2270"]
[PlyCount "93"]
[EventDate "2004.09.18"]
[SourceDate "2004.09.21"]

1. e4 e5 2. Nf3 Nc6 3. Bb5 a6 4. Bxc6 dxc6 5. O-O Bg4 6. h3 h5 7. d3 Qf6 8. Be3
Bxf3 9. Qxf3 Qxf3 10. gxf3 Bd6 11. Nd2 Ne7 12. Rfb1 Ng6 13. Kf1 f5 14. Nc4 O-O
15. Ke2 fxe4 16. fxe4 b5 17. Rg1 Nf4+ 18. Bxf4 Rxf4 19. Ne3 Bc5 20. Rg2 Raf8
21. Nf5 R8xf5 22. exf5 Rxf5 23. Rag1 Rf7 24. Rh2 Be7 25. Rg6 Bf6 26. Rh1 Rd7
27. c3 Kf7 28. Rg3 Ke6 29. a4 Rd8 30. Ra1 Kd6 31. axb5 axb5 32. Ra6 Rb8 33. b4
Re8 34. Rg1 Kd5 35. c4+ Kd4 36. Rd1 e4 37. dxe4+ Kxc4 38. Rxc6+ Kxb4 39. Rb1+
Ka5 40. Ke3 b4 41. Rxc7 Rb8 42. f4 b3 43. e5 Bd8 44. Rxg7 Kb4 45. Ke4 Kc3 46.
Rg3+ Kc2 47. Rgxb3 1-0

[Event "4NCL/Div1/GUI2 vs. 3CS1"]
[Site "West Bromwich ENG"]
[Date "2004.09.18"]
[Round "1.4"]
[White "Longson, Alexander"]
[Black "Collas, Silvia"]
[Result "1-0"]
[WhiteElo "2264"]
[BlackElo "2344"]
[PlyCount "119"]
[EventDate "2004.09.18"]
[SourceDate "2004.09.21"]

1. e4 c5 2. Nc3 e6 3. Nf3 a6 4. d4 cxd4 5. Nxd4 Qc7 6. Bd3 Nf6 7. O-O Nc6 8.
Nb3 Be7 9. f4 d6 10. Be3 O-O 11. g4 Nd7 12. g5 Re8 13. Qh5 g6 14. Qh6 Bf8 15.
Qh4 b5 16. Rf3 Bg7 17. Rh3 Nf8 18. f5 b4 19. f6 bxc3 20. fxg7 Kxg7 21. bxc3 e5
22. Rf3 Be6 23. Raf1 Rec8 24. Qf2 Rcb8 25. h4 a5 26. h5 a4 27. Nd2 Na5 28. c4
Qe7 29. c5 Rb7 30. Qh2 Kg8 31. a3 Rab8 32. R3f2 dxc5 33. Qxe5 Bh3 34. Qxe7 Rxe7
35. Ra1 c4 36. Nxc4 Nxc4 37. Bxc4 gxh5 38. Bc5 Rd7 39. Bd5 Ne6 40. Be3 Rc8 41.
c4 Nc5 42. Bxc5 Rxc5 43. Rb1 Kg7 44. Rb4 Ra5 45. Rf6 Be6 46. Kf2 Rda7 47. Ke3
h4 48. Rh6 h3 49. Kd4 Bc8 50. c5 Rc7 51. c6 Re7 52. Rb8 Rc7 53. Ke5 Ra6 54. Kd6
Rd7+ 55. Kc5 Rc7 56. Kb5 Raa7 57. Kb6 f6 58. Rxc8 Rxc8 59. Kxa7 fxg5 60. Rxh3
1-0

[Event "4NCL/Div1/GUI2 vs. 3CS1"]
[Site "West Bromwich ENG"]
[Date "2004.09.18"]
[Round "1.5"]
[White "Granat, Russell G"]
[Black "Bentley, John L"]
[Result "0-1"]
[WhiteElo "2259"]
[BlackElo "2216"]
[PlyCount "70"]
[EventDate "2004.09.18"]
[SourceDate "2004.09.21"]

1. e4 c5 2. Nf3 Nc6 3. Bb5 g6 4. O-O Bg7 5. Nc3 d6 6. Bxc6+ bxc6 7. Re1 e5 8.
d3 Nf6 9. a3 Rb8 10. b4 Nd7 11. Bg5 f6 12. Be3 O-O 13. Qd2 Qe7 14. bxc5 Nxc5
15. Bxc5 dxc5 16. Na4 Rd8 17. Qc3 Bf8 18. Nd2 Be6 19. Nb3 Rb5 20. Rab1 Rdb8 21.
Rb2 Qf7 22. Reb1 c4 23. Na5 cxd3 24. cxd3 Rxb2 25. Rxb2 Rxb2 26. Nxb2 Qc7 27.
Nbc4 Qb8 28. g3 Qb1+ 29. Kg2 Bh3+ 30. Kxh3 Qf1+ 31. Kg4 Qg2 32. h3 h5+ 33. Kh4
g5+ 34. Kxh5 Qxh3+ 35. Kg6 Be7 0-1

[Event "4NCL/Div1/GUI2 vs. 3CS1"]
[Site "West Bromwich ENG"]
[Date "2004.09.18"]
[Round "1.6"]
[White "Walton, Alan J"]
[Black "Cooksey, Paul S"]
[Result "1/2-1/2"]
[WhiteElo "2208"]
[BlackElo "2248"]
[PlyCount "114"]
[EventDate "2004.09.18"]
[SourceDate "2004.09.21"]

1. d4 d5 2. Bg5 h6 3. Bh4 c6 4. e3 Qb6 5. Qc1 Bf5 6. Bd3 Bxd3 7. cxd3 e6 8. Nc3
Be7 9. Bg3 Nf6 10. h3 O-O 11. Nf3 Nbd7 12. O-O c5 13. dxc5 Nxc5 14. Qb1 Rac8
15. Nd2 Ncd7 16. Nf3 Bb4 17. Ne2 Rfe8 18. a3 Bd6 19. Bxd6 Qxd6 20. b4 Ne5 21.
Nxe5 Qxe5 22. Rc1 Qf5 23. Qb3 e5 24. Rc5 b6 25. Rcc1 h5 26. Qd1 g6 27. Qb3 Kg7
28. Kf1 g5 29. Ng3 Qg6 30. Ne2 h4 31. f3 Qf5 32. Kg1 Qd7 33. Qb2 Qd6 34. a4 Kg6
35. Rf1 d4 36. exd4 exd4 37. Qxd4 Qxd4+ 38. Nxd4 Nd5 39. Nb5 Re2 40. Rfe1 Rcc2
41. Rxe2 Rxe2 42. Nxa7 Nxb4 43. Kf1 Rd2 44. Rb1 Nd5 45. Nc8 Ne3+ 46. Ke1 Ra2
47. Rxb6+ Kf5 48. Ne7+ Kf4 49. Rf6+ Ke5 50. Rxf7 Ke6 51. Rh7 Nxg2+ 52. Kf1 Nf4
53. d4 Rxa4 54. d5+ Ke5 55. d6 Kxd6 56. Nf5+ Ke5 57. Nxh4 Ra1+ 1/2-1/2

[Event "4NCL/Div1/GUI2 vs. 3CS1"]
[Site "West Bromwich ENG"]
[Date "2004.09.18"]
[Round "1.7"]
[White "Richardson, Keith B"]
[Black "James, Dale R"]
[Result "1-0"]
[WhiteElo "2214"]
[BlackElo "2199"]
[PlyCount "51"]
[EventDate "2004.09.18"]
[SourceDate "2004.09.21"]

1. c4 e5 2. Nc3 Nc6 3. Nf3 g6 4. d4 exd4 5. Nd5 h6 6. Nxd4 Bg7 7. Nb5 Be5 8. f4
a6 9. fxe5 axb5 10. Bf4 bxc4 11. e4 d6 12. exd6 cxd6 13. Bxc4 Be6 14. O-O Ne5
15. Qd4 Qb8 16. Rac1 Ra5 17. b4 Qa7 18. Nc7+ Ke7 19. Bxe5 dxe5 20. Qxa7 Rxa7
21. Bxe6 fxe6 22. Nb5 Rxa2 23. Rc7+ Ke8 24. Nd6+ Kd8 25. Rff7 Nf6 26. Rc8# 1-0

[Event "4NCL/Div1/GUI2 vs. 3CS1"]
[Site "West Bromwich ENG"]
[Date "2004.09.18"]
[Round "1.8"]
[White "Martin, Katie"]
[Black "Yurenok, Maria S"]
[Result "1-0"]
[WhiteElo "1977"]
[BlackElo "2078"]
[PlyCount "109"]
[EventDate "2004.09.18"]
[SourceDate "2004.09.21"]

1. e4 c5 2. Nc3 Nc6 3. d3 g6 4. Be3 d6 5. g3 Bg7 6. Qd2 e5 7. Bg2 Nge7 8. f4
O-O 9. Nf3 Nd4 10. O-O Rb8 11. Rab1 f6 12. Ne2 d5 13. fxe5 fxe5 14. Nexd4 cxd4
15. Bh6 dxe4 16. dxe4 Nc6 17. Bxg7 Kxg7 18. c3 Bg4 19. cxd4 Bxf3 20. Bxf3 Qxd4+
21. Qxd4 Nxd4 22. Bg4 h5 23. Bh3 Rbd8 {(=)} 24. Kh1 Rf6 25. Rxf6 Kxf6 26. Rf1+
Ke7 27. Rc1 Nc6 28. a3 Rd4 29. Bc8 Kd6 30. Bxb7 Na5 31. Bd5 Rd3 32. b4 Nb3 33.
Rc6+ Kd7 34. Rxg6 Nd2 35. Rg7+ Kd6 36. Rxa7 Nf1 37. Bc4 Rd1 38. Bxf1 Rxf1+ 39.
Kg2 Re1 40. Kf3 Rb1 41. Rh7 Rb3+ 42. Kg2 Rxa3 43. Rxh5 Rb3 44. Rh6+ Ke7 45.
Rh7+ Ke6 46. Rb7 Re3 47. b5 Rxe4 48. b6 Rb4 49. Rb8 Kf7 50. b7 Kg7 51. Kf3 Kh7
52. h4 Kg7 53. g4 e4+ 54. Ke3 Kh7 55. h5 1-0

[Event "4NCL/Div1/GUI1 vs. RICA"]
[Site "West Bromwich ENG"]
[Date "2004.09.18"]
[Round "1.1"]
[White "Rowson, Jonathan"]
[Black "Wall, Gavin"]
[Result "1-0"]
[WhiteElo "2558"]
[BlackElo "2405"]
[PlyCount "101"]
[EventDate "2004.09.18"]
[SourceDate "2004.09.21"]

1. d4 f5 2. Nc3 Nf6 3. Bg5 d5 4. Bxf6 exf6 5. e3 Be6 6. Qf3 Qd7 7. Bb5 c6 8.
Bd3 b5 9. Nge2 g6 10. h3 a5 11. g4 fxg4 12. hxg4 Rg8 13. Qxf6 Be7 14. Qe5 Bd6
15. Qg5 Bxg4 16. Nf4 Bf3 17. Rh6 Qg4 18. Qxg4 Bxg4 19. Rxh7 Bxf4 20. exf4 Nd7
21. f3 Bf5 22. Bxf5 gxf5 23. Kf2 O-O-O 24. Rah1 Rg6 25. a4 b4 26. Ne2 Rdg8 27.
R1h6 Rg2+ 28. Kf1 R2g6 29. b3 Kd8 30. Rxg6 Rxg6 31. Rh8+ Kc7 32. Rh5 Rf6 33.
Ng3 Nf8 34. Rxf5 Rxf5 35. Nxf5 Ne6 36. Kf2 Nxf4 37. Ke3 Ng2+ 38. Kf2 Nf4 39.
Ng3 Kd6 40. Ne2 Nh5 41. Ke3 Ke7 42. Kd2 Kd6 43. Kd3 Ng7 44. Ng3 Ne6 45. Ke3 Ng7
46. f4 Ke6 47. Kd3 Kd6 48. f5 Ne8 49. Nh5 Nc7 50. Ke3 Na6 51. Nf4 1-0

[Event "4NCL/Div1/GUI1 vs. RICA"]
[Site "West Bromwich ENG"]
[Date "2004.09.18"]
[Round "1.2"]
[White "Bates, Richard A"]
[Black "Hebden, Mark L"]
[Result "1-0"]
[WhiteElo "2381"]
[BlackElo "2559"]
[PlyCount "117"]
[EventDate "2004.09.18"]
[SourceDate "2004.09.21"]

1. d4 Nf6 2. Nf3 g6 3. g3 Bg7 4. Bg2 O-O 5. O-O d6 6. c4 Nc6 7. Nc3 Rb8 8. e4
a6 9. h3 b5 10. cxb5 axb5 11. Be3 b4 12. Nd5 Nxe4 13. Qc2 e6 14. Nf4 e5 15.
dxe5 dxe5 16. Nxg6 hxg6 17. Qxe4 Bb7 18. Ng5 Bf6 19. Qh4 Bxg5 20. Bxg5 f6 21.
Qc4+ Kg7 22. Bxc6 fxg5 23. Rad1 Qf6 24. Bxb7 Rxb7 25. Rd7+ Rf7 26. Rxf7+ Qxf7
27. Qc5 Qf6 28. Rd1 c6 29. Rd6 Qf5 30. Rxc6 Rf7 31. Qc2 e4 32. Qc5 Rd7 33. Rc7
Qxc5 34. Rxc5 Rd2 35. b3 Rxa2 36. Rc4 e3 37. fxe3 Re2 38. Re4 Kf6 39. Kf1 Rh2
40. h4 gxh4 41. gxh4 g5 42. hxg5+ Kxg5 43. Rxb4 Rb2 44. Ke1 Kf5 45. Kd1 Ke5 46.
Kc1 Re2 47. e4 Kf4 48. Rc4 Ke5 49. Kb1 Rd2 50. b4 Rh2 51. b5 Kd6 52. b6 Rh8 53.
Kc2 Rb8 54. Rb4 Kc6 55. Kd3 Kb7 56. Kd4 Rd8+ 57. Ke5 Rh8 58. Kf5 Rh5+ 59. Kg6
1-0

[Event "4NCL/Div1/GUI1 vs. RICA"]
[Site "West Bromwich ENG"]
[Date "2004.09.18"]
[Round "1.3"]
[White "Kosten, Anthony C"]
[Black "Hinks-Edwards, Thomas"]
[Result "1-0"]
[WhiteElo "2516"]
[BlackElo "2366"]
[PlyCount "93"]
[EventDate "2004.09.18"]
[SourceDate "2004.09.21"]

1. c4 Nf6 2. Nc3 e6 3. e4 d5 4. e5 d4 5. exf6 dxc3 6. bxc3 Qxf6 7. Nf3 c5 8.
Bd3 Bd7 9. Be4 Bc6 10. Qe2 Bxe4 11. Qxe4 Nc6 12. Rb1 O-O-O 13. d4 Qg6 14. Qxg6
hxg6 15. Be3 cxd4 16. cxd4 Be7 17. Ke2 Rd7 18. Rhd1 Rhd8 19. Rd2 Bf6 20. Rbd1
Na5 21. g4 Nxc4 22. Rc2 Rc7 23. Rdc1 b5 24. a4 a6 25. axb5 axb5 26. g5 Be7 27.
Bf4 Bd6 28. Bg3 Kb7 29. Rb1 Kb6 30. Ra2 Bxg3 31. fxg3 e5 32. dxe5 Nxe5 33. Rba1
Nc4 34. h4 Re7+ 35. Kf2 Kc5 36. Ra7 Rdd7 37. Ra8 b4 38. Rc1 b3 39. Rc8+ Rc7 40.
Nd2 Kb5 41. Rxc4 Rxc4 42. Nxc4 Kb4 43. Nb2 Rb7 44. Nd3+ Kb5 45. Rc3 Ka5 46. Nc5
b2 47. Ra3+ 1-0

[Event "4NCL/Div1/GUI1 vs. RICA"]
[Site "West Bromwich ENG"]
[Date "2004.09.18"]
[Round "1.5"]
[White "Conquest, Stuart C"]
[Black "Nixon, Thomas C M"]
[Result "1-0"]
[WhiteElo "2488"]
[BlackElo "2198"]
[PlyCount "49"]
[EventDate "2004.09.18"]
[SourceDate "2004.09.21"]

1. d4 Nf6 2. c4 e6 3. Nc3 Bb4 4. e3 Nc6 5. Nf3 Qe7 6. Be2 e5 7. O-O Bxc3 8.
bxc3 O-O 9. c5 Ne4 10. Qc2 f5 11. Ba3 Kh8 12. Bb5 exd4 13. cxd4 Nd8 14. Ne5 b6
15. Rac1 bxc5 16. f3 Nf6 17. Bxc5 d6 18. Ba3 Nd5 19. Rfe1 f4 20. e4 Ne3 21.
Qxc7 Qg5 22. Rxe3 fxe3 23. Qxd6 Rf4 24. Rxc8 Rxc8 25. Qd7 1-0

[Event "4NCL/Div1/GUI1 vs. RICA"]
[Site "West Bromwich ENG"]
[Date "2004.09.18"]
[Round "1.6"]
[White "Franklin, Michael J"]
[Black "Flear, Glenn C"]
[Result "1/2-1/2"]
[WhiteElo "2219"]
[BlackElo "2465"]
[PlyCount "115"]
[EventDate "2004.09.18"]
[SourceDate "2004.09.21"]

1. d4 b6 2. Bf4 Bb7 3. e3 Nf6 4. h3 g6 5. Nf3 Bg7 6. Be2 O-O 7. O-O d6 8. c4
Nbd7 9. Nc3 e6 10. Rc1 Qe7 11. b4 a5 12. a3 axb4 13. axb4 e5 14. Bh2 exd4 15.
exd4 Bh6 16. Rb1 Ne4 17. Nxe4 Bxe4 18. Bd3 Ra3 19. Bxe4 Qxe4 20. c5 Qd5 21.
cxd6 cxd6 22. Ra1 Rxa1 23. Qxa1 Nf6 24. Qa6 Qc6 25. b5 Qc7 26. Re1 Nd5 27. Qa3
Rd8 28. Qb3 Nc3 29. Bg3 Rc8 30. Bh4 Bf8 31. Kh1 Qc4 32. Qxc4 Rxc4 33. Rc1 d5
34. Ne5 Rxd4 35. Rxc3 Rxh4 36. Ng4 d4 37. Rc4 Kg7 38. Rxd4 Rh5 39. f4 Rxb5 40.
Rd7 Rf5 41. g3 h5 42. Ne3 Rc5 43. Kg2 b5 44. Rb7 Bd6 45. Kf3 Rc3 46. Ke4 b4 47.
g4 Rc7 48. Rb5 h4 49. f5 Re7+ 50. Kf3 Re5 51. Rb7 Bc5 52. Nc4 Rd5 53. fxg6 Kxg6
54. Rb5 Kf6 55. Ne3 Re5 56. Nc4 Rd5 57. Ne3 Re5 58. Nc4 1/2-1/2

[Event "4NCL/Div1/GUI1 vs. RICA"]
[Site "West Bromwich ENG"]
[Date "2004.09.18"]
[Round "1.7"]
[White "Buckley, Graeme"]
[Black "Mitchem, Nicholas D"]
[Result "1-0"]
[WhiteElo "2420"]
[BlackElo "2060"]
[PlyCount "45"]
[EventDate "2004.09.18"]
[SourceDate "2004.09.21"]

1. d4 Nf6 2. c4 e6 3. Nc3 d5 4. Bg5 c6 5. e3 Be7 6. Nf3 h6 7. Bh4 Nbd7 8. Qc2
Qa5 9. Be2 Nf8 10. Ne5 g5 11. Bg3 Ne4 12. O-O Nxc3 13. bxc3 Bf6 14. cxd5 exd5
15. c4 Be6 16. Rab1 Nd7 17. Nxd7 Bxd7 18. Rxb7 Rc8 19. Rfb1 Be7 20. Rxd7 Kxd7
21. Qf5+ Kd8 22. Qxc8+ Kxc8 23. Bg4+ 1-0

[Event "4NCL/Div1/BRI1 vs. WGR1"]
[Site "West Bromwich ENG"]
[Date "2004.09.18"]
[Round "1.2"]
[White "Baburin, Alexander"]
[Black "Beaumont, Chris"]
[Result "1/2-1/2"]
[WhiteElo "2527"]
[BlackElo "2329"]
[PlyCount "115"]
[EventDate "2004.09.18"]
[SourceDate "2004.09.21"]

1. d4 d6 2. g3 g6 3. Bg2 Bg7 4. Nf3 Nf6 5. O-O O-O 6. c4 Nbd7 7. Nc3 e5 8. b3
Re8 9. h3 exd4 10. Nxd4 Nc5 11. Bb2 Bd7 12. e3 Qc8 13. Kh2 a6 14. b4 Nce4 15.
Nxe4 Nxe4 16. Qc2 c5 17. bxc5 dxc5 18. Ne2 Bc6 19. Bxg7 Kxg7 20. Nf4 Qf5 21. f3
Nd6 22. e4 Qe5 23. Nd5 Bxd5 24. cxd5 Qd4 25. Rac1 Qb4 26. Rb1 Qa5 27. f4 f6 28.
Rfe1 Nf7 29. Qb2 c4 30. Qd4 Qc7 31. e5 fxe5 32. fxe5 Rxe5 33. d6 Qc5 34. Qxc5
Rxc5 35. Rxb7 Rf8 36. Rc7 Rxc7 37. dxc7 Rc8 38. Re7 Kf6 39. Bb7 Kxe7 40. Bxc8
c3 41. Bxa6 Nd6 42. Bd3 Kd7 43. Kg2 Nc4 44. Kf3 Na3 {(=)} 45. Ke3 Kxc7 46. h4
Kd6 47. g4 Kd5 48. g5 Ke5 49. Ba6 Kf5 50. Kd3 c2 51. Kd2 Kg4 52. Bd3 Kxh4 53.
Bxc2 Kxg5 54. Bd3 Kf4 55. Ke2 Ke5 56. Ke3 Kd5 57. Kf4 Kd4 58. Bxg6 1/2-1/2

[Event "4NCL/Div1/BRI1 vs. WGR1"]
[Site "West Bromwich ENG"]
[Date "2004.09.18"]
[Round "1.3"]
[White "Buckley, Simon T"]
[Black "Lalic, Bogdan"]
[Result "0-1"]
[WhiteElo "2314"]
[BlackElo "2527"]
[PlyCount "148"]
[EventDate "2004.09.18"]
[SourceDate "2004.09.21"]

1. d4 Nf6 2. Bg5 c5 3. Bxf6 gxf6 4. d5 Qb6 5. Qc1 f5 6. g3 Bg7 7. c3 Na6 8. Bg2
Nc7 9. Nd2 Qh6 10. h4 d6 11. Nh3 e6 12. Nc4 Qxc1+ 13. Rxc1 Ke7 14. Nf4 Rb8 15.
O-O b6 16. Nh5 Bh6 17. Ne3 b5 18. f4 Rg8 19. Kh2 Ne8 20. Bh3 Ng7 21. Nxg7 Bxg7
22. Rfd1 Rb6 23. Rd2 Ra6 24. a3 Bd7 25. Rcd1 Rb8 26. Kg1 b4 27. axb4 cxb4 28.
c4 Rc8 29. g4 fxg4 30. Bxg4 Bh6 31. dxe6 fxe6 32. Rd4 Rf8 33. Re4 Kd8 34. Ng2
Bg7 35. c5 dxc5 36. Bxe6 Bd4+ 37. e3 Rxe6 38. Rxe6 Bxe6 39. exd4 Bb3 40. Re1 c4
41. Re5 c3 42. bxc3 bxc3 43. Rc5 c2 44. Ne3 Rxf4 45. Nxc2 Bxc2 46. Rxc2 Rxd4
47. Ra2 Rd7 48. Kf2 Kc8 49. Ra1 Kb7 50. Rb1+ Ka8 51. Rg1 a5 52. Rg5 a4 53. Ke3
a3 54. Rg1 Kb8 55. Ra1 Ra7 56. Kd3 Kc7 57. Kc3 Kd6 58. Kb3 Ke5 59. h5 Kf5 60.
h6 Kg5 61. Ka2 Kxh6 62. Rh1+ Kg7 63. Rg1+ Kh8 64. Rh1 Ra5 65. Rh3 h5 66. Rc3
Kg7 67. Rc4 Kg6 68. Rb4 Kg5 69. Rc4 h4 70. Rc3 Rf5 71. Rxa3 Kg4 72. Ra4+ Rf4
73. Ra3 h3 74. Ra8 h2 0-1

[Event "4NCL/Div1/BRI1 vs. WGR1"]
[Site "West Bromwich ENG"]
[Date "2004.09.18"]
[Round "1.4"]
[White "Emms, John M"]
[Black "Sherwin, James T"]
[Result "1-0"]
[WhiteElo "2508"]
[BlackElo "2303"]
[PlyCount "61"]
[EventDate "2004.09.18"]
[SourceDate "2004.09.21"]

1. e4 e6 2. d4 d5 3. Nd2 c5 4. Ngf3 Nf6 5. e5 Nfd7 6. c3 Nc6 7. Bd3 cxd4 8.
cxd4 Be7 9. O-O O-O 10. Re1 Re8 11. Nf1 Nf8 12. Ng3 Bd7 13. a3 a5 14. Be3 a4
15. Qe2 Na5 16. Nd2 g6 17. Qg4 Rc8 18. Nh5 f5 19. exf6 Bxf6 20. Nxf6+ Qxf6 21.
Qg3 Qg7 22. Nf3 Nc4 23. Bxc4 Rxc4 24. Rac1 Rxc1 25. Rxc1 Rc8 26. Rxc8 Bxc8 27.
Qb8 Qd7 28. Bh6 e5 29. Nxe5 Qf5 30. h3 Be6 31. Qe8 1-0

[Event "4NCL/Div1/BRI1 vs. WGR1"]
[Site "West Bromwich ENG"]
[Date "2004.09.18"]
[Round "1.5"]
[White "Buckley, David E"]
[Black "Ward, Christopher"]
[Result "0-1"]
[WhiteElo "2223"]
[BlackElo "2490"]
[PlyCount "42"]
[EventDate "2004.09.18"]
[SourceDate "2004.09.21"]

1. d4 Nf6 2. c4 e6 3. Nf3 c5 4. d5 b5 5. dxe6 fxe6 6. cxb5 d5 7. Nc3 Bb7 8. e4
d4 9. e5 Nfd7 10. Na4 Be7 11. Bc4 O-O 12. Bxe6+ Kh8 13. Bg4 Qa5+ 14. Kf1 Qxb5+
15. Kg1 Qc6 16. h3 Nxe5 17. b4 c4 18. b5 Qe4 19. Bb2 c3 20. Bxc3 Nxg4 21. hxg4
dxc3 0-1

[Event "4NCL/Div1/BRI1 vs. WGR1"]
[Site "West Bromwich ENG"]
[Date "2004.09.18"]
[Round "1.6"]
[White "Gormally, Daniel W"]
[Black "Helbig, Paul D"]
[Result "1-0"]
[WhiteElo "2479"]
[BlackElo "2184"]
[PlyCount "107"]
[EventDate "2004.09.18"]
[SourceDate "2004.09.21"]

1. e4 g6 2. d4 d6 3. Nc3 Bg7 4. Be3 a6 5. Qd2 b5 6. a4 b4 7. Nce2 a5 8. c3 bxc3
9. Nxc3 Ba6 10. Bxa6 Nxa6 11. d5 Nb4 12. Nge2 Nf6 13. f3 c6 14. dxc6 Nxc6 15.
O-O O-O 16. Rfd1 Qb8 17. Nb5 Rc8 18. Nec3 Nb4 19. Qe2 Qb7 20. Bd4 Nd7 21. Bxg7
Kxg7 22. Nd5 Rc2 23. Rd2 Rxd2 24. Qxd2 Nxd5 25. exd5 Rc8 26. Rd1 Qb6+ 27. Qd4+
Qxd4+ 28. Nxd4 Rc5 29. Nb3 Rc2 30. Nxa5 Rxb2 31. Nc6 Kf6 32. Rd4 g5 33. h4 h6
34. hxg5+ hxg5 35. f4 g4 36. Kh2 Rb3 37. Re4 e6 38. dxe6 fxe6 39. Rxe6+ Kxe6
40. Nd4+ Kd5 41. Nxb3 Kc4 42. Nd2+ Kb4 43. Kg3 Nf6 44. Kh4 d5 45. f5 d4 46. a5
Kxa5 47. Kg5 Nd7 48. Nb3+ Kb4 49. Nxd4 Kc4 50. Ne6 g3 51. f6 Kd3 52. f7 Ke3 53.
Kh4 Ne5 54. f8=R 1-0

[Event "4NCL/Div1/BRI1 vs. WGR1"]
[Site "West Bromwich ENG"]
[Date "2004.09.18"]
[Round "1.7"]
[White "Ashby, Ann-Marie"]
[Black "Levitt, Jonathan P"]
[Result "0-1"]
[WhiteElo "2105"]
[BlackElo "2432"]
[PlyCount "76"]
[EventDate "2004.09.18"]
[SourceDate "2004.09.21"]

1. e4 c5 2. c3 e6 3. d4 d5 4. exd5 exd5 5. Nf3 Nf6 6. Be2 Nc6 7. O-O Be7 8.
dxc5 Bxc5 9. Nbd2 Bb6 10. h3 O-O 11. Re1 Ne4 12. Nxe4 dxe4 13. Qxd8 Rxd8 14.
Ng5 Bf5 15. g4 Bg6 16. h4 h6 17. h5 e3 18. Bxe3 Bxe3 19. fxe3 Bxh5 20. gxh5
hxg5 21. Rad1 Kh7 22. Bd3+ Kh6 23. Kf2 Rd6 24. Be2 Rad8 25. b3 Rd2 26. a4 Ne5
27. Rxd2 Rxd2 28. Rd1 Rxd1 29. Bxd1 g4 30. Kg3 Kxh5 31. c4 a5 32. c5 Kg5 33. b4
axb4 34. a5 Nc6 35. Bxg4 Nxa5 36. Bf3 b3 37. Be4 b2 38. Kf2 Nc4 0-1

[Event "4NCL/Div1/BRI1 vs. WGR1"]
[Site "West Bromwich ENG"]
[Date "2004.09.18"]
[Round "1.8"]
[White "Hunt, Harriet"]
[Black "Collier, David O"]
[Result "1-0"]
[WhiteElo "2385"]
[BlackElo "2168"]
[PlyCount "35"]
[EventDate "2004.09.18"]
[SourceDate "2004.09.21"]

1. e4 c5 2. Nc3 Nc6 3. Nge2 d6 4. d4 cxd4 5. Nxd4 Nf6 6. Bg5 e6 7. Qd2 a6 8.
O-O-O Qc7 9. f4 Bd7 10. Be2 Be7 11. g4 O-O-O 12. f5 Nxd4 13. Qxd4 Bc6 14. Be3
e5 15. Qc4 d5 16. exd5 Bxd5 17. Nxd5 Rxd5 18. Rxd5 1-0

[Event "4NCL/Div1/WGR2 vs. AD1"]
[Site "West Bromwich ENG"]
[Date "2004.09.18"]
[Round "1.1"]
[White "Martin, Andrew D"]
[Black "Chandler, Murray G"]
[Result "1/2-1/2"]
[WhiteElo "2433"]
[BlackElo "2531"]
[PlyCount "34"]
[EventDate "2004.09.18"]
[SourceDate "2004.09.21"]

1. d4 d5 2. c4 e6 3. Nc3 Be7 4. Nf3 Nf6 5. Bg5 h6 6. Bh4 O-O 7. e3 b6 8. Bd3
Bb7 9. Bxf6 Bxf6 10. cxd5 exd5 11. b4 c5 12. bxc5 bxc5 13. Rb1 cxd4 14. Nxd4
Bxd4 15. exd4 Re8+ 16. Ne2 Ba6 17. O-O Bxd3 1/2-1/2

[Event "4NCL/Div1/WGR2 vs. AD1"]
[Site "West Bromwich ENG"]
[Date "2004.09.18"]
[Round "1.2"]
[White "Hennigan, Michael T"]
[Black "Arakhamia-Grant, Ketevan"]
[Result "1/2-1/2"]
[WhiteElo "2431"]
[BlackElo "2446"]
[PlyCount "138"]
[EventDate "2004.09.18"]
[SourceDate "2004.09.21"]

1. Nf3 c5 2. g3 Nc6 3. Bg2 g6 4. O-O Bg7 5. e4 e6 6. Re1 Nge7 7. c3 d5 8. e5 g5
9. d4 g4 10. Nh4 h5 11. Be3 Qb6 12. b3 Bd7 13. h3 gxh3 14. Bxh3 cxd4 15. cxd4
O-O-O 16. Nc3 Na5 17. Ne2 Bb5 18. Nf4 Bh6 19. Nxe6 fxe6 20. Bxh6 Kb8 21. Bg5
Rh7 22. Bxe7 Rxe7 23. Qxh5 Qxd4 24. Qg5 Rde8 25. Rad1 Qb6 26. Qe3 Qxe3 27. Rxe3
Nc6 28. Nf3 Rh8 29. Bg2 Rc7 30. Ng5 Nd8 31. a4 Bd7 32. f4 Rc2 33. Nf3 Nc6 34.
Rd2 Rc1+ 35. Kf2 Be8 36. Nd4 Nxd4 37. Rxd4 Bg6 38. g4 Rc2+ 39. Re2 Rc3 40. Re3
Rc2+ 41. Kg3 Rg8 42. Bf3 Kc7 43. Rd1 Kd7 44. Be2 Ke7 45. Bd3 Rc3 46. Rf3 Bh5
47. Bf5 Rc6 48. Kh3 exf5 49. gxh5 Rh6 50. Rg3 Rxh5+ 51. Kg2 Rxg3+ 52. Kxg3 Ke6
53. Rc1 d4 54. Rc8 Kd5 55. Rd8+ Ke4 56. e6 Rh7 57. Rd7 Rh8 58. e7 Re8 59. Rxb7
Ke3 60. Rxa7 d3 61. Rd7 d2 62. a5 Rg8+ 63. Kh4 Kxf4 64. Rd4+ Ke3 65. Rd8 Re8
66. Kg5 Rxe7 67. Kxf5 Ke2 68. a6 Ra7 69. Re8+ Kd3 1/2-1/2

[Event "4NCL/Div1/WGR2 vs. AD1"]
[Site "West Bromwich ENG"]
[Date "2004.09.18"]
[Round "1.3"]
[White "Sowray, Peter J"]
[Black "Richardson, John R"]
[Result "0-1"]
[WhiteElo "2364"]
[BlackElo "2309"]
[PlyCount "142"]
[EventDate "2004.09.18"]
[SourceDate "2004.09.21"]

1. Nf3 Nf6 2. c4 e6 3. g3 d5 4. d4 dxc4 5. Bg2 c5 6. O-O Nc6 7. Ne5 Nxe5 8.
dxe5 Qxd1 9. Rxd1 Nd5 10. e4 Nb6 11. Na3 Bd7 12. Be3 c3 13. bxc3 c4 14. Bxb6
Bxa3 15. Bc7 Ba4 16. Rd2 b5 17. Bd6 Rd8 18. Bf3 b4 19. cxb4 c3 20. Bd1 Bb5 21.
Rc2 Bb2 22. Rb1 f6 23. f4 Kf7 24. Bh5+ g6 25. Be2 Bxe2 26. Rxe2 Rc8 27. Rc2
Rhd8 28. Kf2 f5 29. exf5 gxf5 30. a4 Rc4 31. a5 a6 32. Re1 Ke8 33. Bc5 Rd5 34.
Re3 Kd7 35. Kf3 Rd1 36. Ke2 Rd5 37. Rd3 Kc6 38. Rxd5 Kxd5 39. Kd3 Re4 40. Rg2
h5 41. Rf2 Kc6 42. Kc2 Re1 43. Bd4 Rc1+ 44. Kb3 Kd5 45. Bb6 Ra1 46. Rf3 Ra3+
47. Kc2 Kc4 48. Rd3 Ra2 49. Rd4+ Kb5 50. Rd8 Ka4 51. Rc8 Ba1+ 52. Kd3 Rd2+ 53.
Ke3 Kxb4 54. Bd4 Kb3 55. Rc6 Kc2 56. Bxc3 Bxc3 57. h3 Rd3+ 58. Kf2 Kd2 59. Rxa6
Bd4+ 60. Kg2 Ke3 61. g4 h4 62. gxf5 Rd2+ 63. Kf1 Kf3 64. Ke1 Rd3 65. Rd6 exf5
66. a6 Bf2+ 67. Kf1 Ra3 68. Rd1 Rxa6 69. e6 Rxe6 70. Rd3+ Re3 71. Ra3 Bg3 0-1

[Event "4NCL/Div1/WGR2 vs. AD1"]
[Site "West Bromwich ENG"]
[Date "2004.09.18"]
[Round "1.4"]
[White "Lyell, Mark"]
[Black "Rechel, Bernd"]
[Result "0-1"]
[WhiteElo "2217"]
[BlackElo "2408"]
[PlyCount "56"]
[EventDate "2004.09.18"]
[SourceDate "2004.09.21"]

1. e4 c5 2. c3 g6 3. d4 cxd4 4. cxd4 d5 5. exd5 Nf6 6. Nc3 Bg7 7. Qb3 O-O 8.
Be2 Ne8 9. Nf3 Nd6 10. Ne5 Nf5 11. Be3 Nd7 12. Nxd7 Bxd7 13. Rd1 e5 14. dxe6
Bxe6 15. d5 Nxe3 16. fxe3 Bf5 17. O-O Qg5 18. e4 Bd7 19. Rf3 Be5 20. h3 b5 21.
d6 Be6 22. Qc2 Bxd6 23. Bxb5 Qe5 24. Nd5 Rac8 25. Rc3 Kg7 26. Bc6 f5 27. exf5
Qh2+ 28. Kf2 Bxf5 0-1